[Event "GER-ch blitz (Women)"]
[Site "Magdeburg"]
[Date "2022.08.13"]
[Round "17"]
[White "Fock, Sana"]
[Black "Paehtz, Elisabeth"]
[Result "0-1"]
[WhiteElo "1681"]
[BlackElo "2390"]
[PlyCount "96"]
[EventDate "2022.08.13"]
[EventType "tourn (blitz)"]
[EventRounds "23"]
[EventCountry "GER"]
[SourceTitle "CBM 209 Extra"]
[Source "ChessBase"]
[SourceDate "2022.09.30"]
[SourceVersion "1"]
[SourceVersionDate "2022.09.30"]
[SourceQuality "1"]

1. e4 c5 2. Nc3 Nc6 3. f4 g6 4. Nf3 Bg7 5. Bb5 Nd4 6. 0-0 a6 7. Bd3 e6 8. e5 d5 9. Nxd4 cxd4 10. Ne2 Qb6 11. Qe1 f6 12. Qf2 fxe5 13. fxe5 Nh6 14. Qxd4 Qxd4+ 15. Nxd4 Bxe5 16. Nf3 Bg7 17. Re1 0-0 18. c3 Nf7 19. Bc2 e5 20. d3 Bf5 21. Ng5 Nh6 22. h3 Rad8 23. Nf3 Nf7 24. Bg5 Nxg5 25. Nxg5 Rfe8 26. Rad1 h6 27. Nf3 g5 28. Bb3 Kh7 29. Bc2 Bg6 30. Kh2 Bf6 31. g4 Kg7 32. Kg3 Re7 33. Rd2 Rde8 34. c4 e4 35. dxe4 dxe4 36. Ng1 Bxb2 37. Bb3 Bc3 38. Rde2 Bxe1+ 39. Rxe1 Rd8 40. Kf2 Rd2+ 41. Re2 Rxe2+ 42. Kxe2 Rd7 43. Ke3 Rd3+ 44. Ke2 Kf6 45. Bc2 Rc3 46. Bb3 Ke5 47. Kd2 Rd3+ 48. Kc2 Rg3 0-1

[Event "GER-ch blitz (Women)"]
[Site "Magdeburg"]
[Date "2022.08.13"]
[Round "22"]
[White "Fock, Sana"]
[Black "Schulze, Lara"]
[Result "0-1"]
[WhiteElo "1681"]
[BlackElo "2140"]
[PlyCount "54"]
[EventDate "2022.08.13"]
[EventType "tourn (blitz)"]
[EventRounds "23"]
[EventCountry "GER"]
[SourceTitle "CBM 209 Extra"]
[Source "ChessBase"]
[SourceDate "2022.09.30"]
[SourceVersion "1"]
[SourceVersionDate "2022.09.30"]
[SourceQuality "1"]

1. e4 c5 2. Nc3 Nc6 3. f4 g6 4. Nf3 Bg7 5. Bb5 Nd4 6. 0-0 e6 7. e5 Ne7 8. a4 a6 9. Bd3 d5 10. Nxd4 cxd4 11. Ne2 Nc6 12. c3 0-0 13. Qe1 dxc3 14. dxc3 f6 15. exf6 Bxf6 16. Kh1 e5 17. fxe5 Nxe5 18. Bc2 Bd7 19. Bh6 Rf7 20. Nd4 Ng4 21. Qd2 Nxh6 22. Qxh6 Bg5 23. Rxf7 Bxh6 24. Raf1 Qe8 25. Bb3 Qxf7 26. Rxf7 Kxf7 27. Bxd5+ Kf6 0-1

[Event "GER-ch blitz (Women)"]
[Site "Magdeburg"]
[Date "2022.08.13"]
[Round "16"]
[White "Heil, Marina"]
[Black "Fock, Sana"]
[Result "0-1"]
[WhiteElo "1926"]
[BlackElo "1681"]
[PlyCount "60"]
[EventDate "2022.08.13"]
[EventType "tourn (blitz)"]
[EventRounds "23"]
[EventCountry "GER"]
[SourceTitle "CBM 209 Extra"]
[Source "ChessBase"]
[SourceDate "2022.09.30"]
[SourceVersion "1"]
[SourceVersionDate "2022.09.30"]
[SourceQuality "1"]

1. c4 e5 2. Nc3 Nf6 3. g3 d5 4. cxd5 Nxd5 5. Bg2 Nb6 6. Nf3 Nc6 7. d3 Be7 8. 0-0 0-0 9. a3 a5 10. b3 Be6 11. Bb2 f6 12. Qc2 Nd5 13. Ne4 Bf7 14. Rfd1 Kh8 15. d4 exd4 16. Nxd4 Nxd4 17. Rxd4 Qc8 18. Rc1 c6 19. Nd2 Bg6 20. Qc4 Rd8 21. e3 Nb6 22. Qe2 Rxd4 23. Bxd4 Bxa3 24. Ra1 c5 25. Rxa3 cxd4 26. exd4 Qc1+ 27. Bf1 h6 28. Ra2 a4 29. Qc4 Nxc4 30. Nxc4 Bd3 0-1

[Event "GER-ch Net blitz qual3"]
[Site "Playchess.com INT"]
[Date "2021.05.07"]
[Round "9"]
[White "Fock, Sana"]
[Black "Minotas, Fotios"]
[Result "1-0"]
[WhiteElo "1744"]
[BlackElo "1409"]
[PlyCount "67"]
[EventDate "2021.05.07"]
[EventType "swiss (blitz)"]
[EventRounds "11"]
[EventCountry "GER"]
[SourceTitle "CBM 202 Extra"]
[Source "ChessBase"]
[SourceDate "2021.07.31"]
[SourceVersion "1"]
[SourceVersionDate "2021.07.31"]
[SourceQuality "1"]

1. e4 c5 2. Nc3 d6 3. f4 Nc6 4. Nf3 Nf6 5. Bb5 e6 6. 0-0 Be7 7. a4 Bd7 8. Bc4 0-0 9. Qe1 Nd4 10. Nxd4 cxd4 11. Ne2 e5 12. fxe5 dxe5 13. Ng3 Bc5 14. d3 Qc8 15. Bg5 Ne8 16. Nf5 Be6 17. b3 Bxc4 18. bxc4 Qe6 19. Qf2 f6 20. Bd2 Nd6 21. Qg3 Nxf5 22. exf5 Qf7 23. Qf3 Rae8 24. Qe4 b6 25. Rf3 Re7 26. Rh3 Rd8 27. Rf1 Qe8 28. Qh4 h6 29. Bxh6 gxh6 30. Qxh6 Rg7 31. Qxf6 Rd6 32. Qh4 Kf7 33. f6 Rg8 34. Qh5+ 1-0

[Event "GER-ch Net blitz qual3"]
[Site "Playchess.com INT"]
[Date "2021.05.07"]
[Round "3"]
[White "Toellner, Uwe"]
[Black "Fock, Sana"]
[Result "0-1"]
[WhiteElo "1937"]
[BlackElo "1744"]
[PlyCount "222"]
[EventDate "2021.05.07"]
[EventType "swiss (blitz)"]
[EventRounds "11"]
[EventCountry "GER"]
[SourceTitle "CBM 202 Extra"]
[Source "ChessBase"]
[SourceDate "2021.07.31"]
[SourceVersion "1"]
[SourceVersionDate "2021.07.31"]
[SourceQuality "1"]

1. Nf3 d5 2. d4 e6 3. Bf4 Nf6 4. Nbd2 Be7 5. e3 0-0 6. Ne5 c5 7. c3 b6 8. Qf3 Bb7 9. Bd3 Nbd7 10. Qh3 Re8 11. g4 Nf8 12. 0-0-0 Ne4 13. Rhf1 cxd4 14. exd4 Rc8 15. Nxe4 dxe4 16. Bc2 Qd5 17. Kb1 f6 18. Bb3 Qd8 19. Nc4 b5 20. Ne3 a5 21. a4 bxa4 22. Bxa4 Bc6 23. Bb3 Qb6 24. Ba2 a4 25. Rd2 Bb5 26. Rc1 Bd3+ 27. Ka1 a3 28. b4 Bxb4 29. Nd1 Qa5 30. Rxd3 exd3 31. Qxd3 Be7 32. Bd2 Qb6 33. Bb1 a2 34. Bc2 Rb8 35. h3 Ba3 36. Qc4 Bxc1 37. Bxc1 Rec8 38. Qd3 Kh8 39. Bb2 Qd6 40. h4 Qf4 41. h5 Qxg4 42. f3 Qxh5 43. Nf2 Qh2 44. Qe2 Qg1+ 45. Nd1 Qg5 46. Qd3 Rd8 47. Ne3 Qg1+ 48. Nd1 Qg5 49. c4 Qa5 50. Bb3 Rb7 51. Bc2 Rdb8 52. f4 Rxb2 53. Nxb2 Qb6 54. Qc3 Qd6 55. Qd2 Qa3 56. Qc1 Qc3 57. d5 Rxb2 58. Qxb2 Qe1+ 59. Kxa2 Qa5+ 60. Kb1 Qe1+ 61. Ka2 Qa5+ 62. Qa3 Qxa3+ 63. Kxa3 exd5 64. cxd5 Nd7 65. Ba4 Nb6 66. Bc6 Kg8 67. d6 Nc4+ 68. Kb4 Nxd6 69. Kc5 Nf5 70. Bd7 Ne7 71. Kd6 Kf8 72. Ke6 Ng6 73. f5 Nf4+ 74. Kd6 Nd3 75. Kd5 Ne5 76. Be6 Nf7 77. Bc8 Ke7 78. Ba6 Nh6 79. Bd3 Ng4 80. Bb1 Ne5 81. Be4 g6 82. Kd4 Kf7 83. Kd5 Ng4 84. Bb1 Ne3+ 85. Kd4 Nxf5+ 86. Ke4 Nd6+ 87. Kf4 h5 88. Kg3 g5 89. Bc2 f5 90. Kf3 Kf6 91. Kg3 f4+ 92. Kf3 Ke5 93. Bg6 g4+ 94. Kg2 Kf6 95. Bc2 Kg5 96. Bb3 Nf5 97. Be6 Ne3+ 98. Kf2 Kh4 99. Bd7 Nd1+ 100. Kg2 f3+ 101. Kf1 Kg3 102. Bc6 Ne3+ 103. Ke1 Nc2+ 104. Kf1 h4 105. Bb5 h3 106. Kg1 Nd4 107. Bf1 Kf4 108. Bc4 Ne2+ 109. Kf1 g3 110. Bb5 g2+ 111. Kf2 g1Q# 0-1

[Event "GER-ch Net blitz qual1"]
[Site "Playchess.com INT"]
[Date "2021.04.24"]
[Round "10"]
[White "Fock, Sana"]
[Black "Grund, Erwin1111"]
[Result "1-0"]
[WhiteElo "1620"]
[BlackElo "1721"]
[PlyCount "113"]
[EventDate "2021.04.24"]
[EventType "swiss (blitz)"]
[EventRounds "11"]
[EventCountry "GER"]
[SourceTitle "CBM 202 Extra"]
[Source "ChessBase"]
[SourceDate "2021.07.31"]
[SourceVersion "1"]
[SourceVersionDate "2021.07.31"]
[SourceQuality "1"]

1. e4 d5 2. exd5 Nf6 3. d4 e6 4. dxe6 Bxe6 5. Nf3 Nc6 6. c4 Bb4+ 7. Nc3 Ne4 8. Bd2 Nxd2 9. Qxd2 Qe7 10. Be2 Bxc4 11. 0-0 Bxc3 12. bxc3 Bxe2 13. Rfe1 0-0-0 14. Rxe2 Qd6 15. Qb2 Rhe8 16. Rxe8 Rxe8 17. Rb1 b6 18. h3 Na5 19. Qb5 Qc6 20. Qf5+ Qe6 21. Qxh7 g6 22. Re1 Qd7 23. Rxe8+ Qxe8 24. Ne5 Qe6 25. Qxf7 Qxf7 26. Nxf7 Nc4 27. g4 Nd2 28. Ne5 g5 29. Nf7 Ne4 30. c4 Kd7 31. Kg2 Ke6 32. Nd8+ Kd7 33. Nf7 Ke6 34. Ne5 c5 35. Nc6 cxd4 36. Nxd4+ Ke5 37. Nc6+ Kd6 38. Nxa7 Kc5 39. Nc8 Nd2 40. h4 gxh4 41. Kh3 Nxc4 42. Kxh4 b5 43. g5 Kd5 44. g6 Ke6 45. Kh5 Kf6 46. f4 Ne3 47. Nd6 b4 48. f5 Kg7 49. Kg5 Nd5 50. Ne8+ Kf8 51. Nf6 Nc3 52. Nd7+ Ke7 53. g7 Kf7 54. f6 Nxa2 55. Ne5+ Kg8 56. Kg6 b3 57. f7# 1-0

[Event "DSOL 02 Liga Gr-B 1st"]
[Site "Playchess.com INT"]
[Date "2020.07.24"]
[Round "5.4"]
[White "Boetticher, Heinz Wilfried"]
[Black "Fock, Sana"]
[Result "1-0"]
[WhiteElo "1859"]
[BlackElo "1808"]
[PlyCount "71"]
[EventDate "2020.06.22"]
[EventType "team-tourn (rapid)"]
[EventCountry "GER"]
[SourceTitle "EXT 2021"]
[Source "ChessBase"]
[SourceDate "2020.10.23"]
[SourceVersion "1"]
[SourceVersionDate "2020.10.23"]
[SourceQuality "1"]
[WhiteTeam "Breitenworbis"]
[BlackTeam "Kreuzberg"]
[WhiteTeamCountry "GER"]
[BlackTeamCountry "GER"]

1. d4 d5 2. c4 e6 3. Nc3 Nf6 4. Bg5 Be7 5. cxd5 exd5 6. e3 0-0 7. Bd3 Nbd7 8. Qc2 h6 9. Bh4 c6 10. Nf3 b6 11. 0-0 Bb7 12. a3 Re8 13. Rfe1 Ne4 14. Bxe4 Bxh4 15. Bh7+ Kh8 16. Bf5 Be7 17. e4 dxe4 18. Bxe4 Nf6 19. Ne5 Rf8 20. Bxc6 Rb8 21. Bxb7 Rxb7 22. Nc6 Qd6 23. Nb5 Qd5 24. Re5 Qd7 25. Rxe7 Qc8 26. Rxb7 Qxb7 27. Ncxa7 Ra8 28. Rc1 Rxa7 29. Qc8+ Ng8 30. Nxa7 Qxa7 31. Qe8 Kh7 32. Qe4+ g6 33. Qe5 Qa4 34. h3 Qa8 35. d5 Qd8 36. d6 1-0

[Event "DSOL 02 Liga Gr-B 1st"]
[Site "Playchess.com INT"]
[Date "2020.06.24"]
[Round "1.3"]
[White "Vandre, Wolfgang"]
[Black "Fock, Sana"]
[Result "0-1"]
[WhiteElo "2038"]
[BlackElo "1808"]
[PlyCount "52"]
[EventDate "2020.06.22"]
[EventType "team-tourn (rapid)"]
[EventCountry "GER"]
[SourceTitle "EXT 2021"]
[Source "ChessBase"]
[SourceDate "2020.10.23"]
[SourceVersion "1"]
[SourceVersionDate "2020.10.23"]
[SourceQuality "1"]
[WhiteTeam "Berolina Mitte"]
[BlackTeam "Kreuzberg"]
[WhiteTeamCountry "GER"]
[BlackTeamCountry "GER"]

1. d4 d5 2. c4 e6 3. Nc3 Nf6 4. Bg5 Be7 5. e3 0-0 6. Nf3 Ne4 7. Bxe7 Qxe7 8. Bd3 Nxc3 9. bxc3 c6 10. 0-0 Nd7 11. Qc2 h6 12. Rfe1 dxc4 13. Bxc4 e5 14. e4 c5 15. Rad1 cxd4 16. cxd4 exd4 17. Nxd4 Ne5 18. Bd5 Bg4 19. f3 Bh5 20. Nf5 Qg5 21. Kf2 Rac8 22. Qd2 Qf6 23. Rc1 Qb6+ 24. Kg3 Qg6+ 25. Kf2 Qb6+ 26. Qe3 Nd3+ 0-1

[Event "GER Cup Net V4 U2000"]
[Site "Playchess.com INT"]
[Date "2020.05.31"]
[Round "5"]
[White "Pohle, Saskia"]
[Black "Fock, Sana"]
[Result "0-1"]
[WhiteElo "1509"]
[BlackElo "1594"]
[PlyCount "60"]
[EventDate "2020.05.31"]
[EventType "swiss (blitz)"]
[EventRounds "9"]
[EventCountry "GER"]
[SourceTitle "EXT 2021"]
[Source "ChessBase"]
[SourceDate "2020.10.23"]
[SourceVersion "1"]
[SourceVersionDate "2020.10.23"]
[SourceQuality "1"]

1. e4 c5 2. Nf3 d6 3. d4 cxd4 4. Nxd4 Nf6 5. Nc3 a6 6. Bg5 Nbd7 7. Bc4 Qc7 8. Bb3 h6 9. Be3 b5 10. f3 Bb7 11. 0-0 e6 12. Qd2 Be7 13. Rad1 0-0 14. Qf2 b4 15. Nce2 a5 16. c3 bxc3 17. Nxc3 Nc5 18. Bc2 d5 19. exd5 Nxd5 20. Nxd5 Bxd5 21. a3 Rfc8 22. Qg3 Qxg3 23. hxg3 a4 24. Rd2 Nb3 25. Nxb3 axb3 26. Bb1 Bd6 27. Kf2 Be5 28. f4 Bf6 29. Bd4 Be7 30. Bc3 Bxa3 0-1

[Event "GER Cup Net V4 U2000"]
[Site "Playchess.com INT"]
[Date "2020.05.31"]
[Round "4"]
[White "Sossna, Gerald"]
[Black "Fock, Sana"]
[Result "1-0"]
[WhiteElo "1584"]
[BlackElo "1613"]
[PlyCount "134"]
[EventDate "2020.05.31"]
[EventType "swiss (blitz)"]
[EventRounds "9"]
[EventCountry "GER"]
[SourceTitle "EXT 2021"]
[Source "ChessBase"]
[SourceDate "2020.10.23"]
[SourceVersion "1"]
[SourceVersionDate "2020.10.23"]
[SourceQuality "1"]

1. e4 c5 2. Nf3 d6 3. Bb5+ Bd7 4. Bxd7+ Qxd7 5. d4 cxd4 6. Nxd4 Nf6 7. Nc3 a6 8. f3 e5 9. Nf5 g6 10. Ne3 Bg7 11. 0-0 0-0 12. Ncd5 Nxd5 13. Nxd5 Qd8 14. Be3 Nd7 15. c4 Rc8 16. Rc1 Nc5 17. b3 f5 18. exf5 gxf5 19. Bf2 Kh8 20. Re1 Qg5 21. Be3 f4 22. Bf2 Ne6 23. Nb6 Rc6 24. Nd5 Rg8 25. Kh1 Bf8 26. Rg1 Ng7 27. Qe1 Nf5 28. Rd1 Qh6 29. Qe4 Rg6 30. Qxf5 Rg5 31. Qf6+ Qg7 32. Qxg7+ Bxg7 33. Nb4 Rc7 34. Rxd6 Rf7 35. Rd8+ Bf8 36. Bc5 Kg8 37. Bxf8 Rxf8 38. Rxf8+ Kxf8 39. Rd1 Rg6 40. h3 a5 41. Nd5 Rd6 42. Nc3 Re6 43. Ne4 Ke7 44. Kg1 b6 45. Kf2 Rc6 46. g3 a4 47. g4 axb3 48. axb3 b5 49. cxb5 Rc2+ 50. Rd2 Rc1 51. Kg2 Rb1 52. h4 Rxb3 53. Rd7+ Kxd7 54. Nc5+ Kc7 55. Nxb3 Kb6 56. g5 Kxb5 57. h5 Kc6 58. Kh3 Kd6 59. Kg4 Ke6 60. Nc5+ Kd5 61. Nd7 Ke6 62. Nf8+ Kd5 63. Nxh7 e4 64. fxe4+ Kxe4 65. Nf6+ Ke3 66. Nd5+ Ke4 67. Nxf4 Ke5 1-0

[Event "GER Cup Net V3 U2000"]
[Site "Playchess.com INT"]
[Date "2020.05.27"]
[Round "2"]
[White "Fock, Sana"]
[Black "Ochmann, Reimund"]
[Result "0-1"]
[WhiteElo "1705"]
[BlackElo "1811"]
[PlyCount "150"]
[EventDate "2020.05.27"]
[EventType "swiss (blitz)"]
[EventRounds "9"]
[EventCountry "GER"]
[SourceTitle "EXT 2021"]
[Source "ChessBase"]
[SourceDate "2020.10.23"]
[SourceVersion "1"]
[SourceVersionDate "2020.10.23"]
[SourceQuality "1"]

1. e4 e5 2. d4 exd4 3. Qxd4 Nc6 4. Qe3 Nf6 5. Nc3 Bb4 6. Bd2 d6 7. 0-0-0 0-0 8. Qg3 Ne5 9. f4 Bxc3 10. Bxc3 Nxe4 11. Qe1 Nxc3 12. Qxc3 Ng6 13. Ne2 Bg4 14. Qg3 Qd7 15. h3 Bxe2 16. Bxe2 Qa4 17. f5 Qf4+ 18. Qxf4 Nxf4 19. Bf3 Rab8 20. g3 Ne6 21. fxe6 fxe6 22. Bg4 Rf6 23. Rhf1 Re8 24. Rxf6 gxf6 25. Bf3 Rb8 26. Re1 Kf7 27. Bh5+ Ke7 28. Bg4 e5 29. Bf5 h6 30. Re3 d5 31. Ra3 a6 32. Rc3 c6 33. Rd3 Rg8 34. Rb3 Rb8 35. Rb4 a5 36. Rh4 Rh8 37. c3 Kd6 38. Rg4 e4 39. Rg6 Ke5 40. Bg4 b5 41. Rg7 Re8 42. Bd7 Rd8 43. Bxc6 b4 44. Bb5 bxc3 45. bxc3 Rc8 46. Re7+ Kd6 47. Rd7+ Ke5 48. Kd2 Rg8 49. g4 h5 50. Bc6 hxg4 51. Rxd5+ Kf4 52. hxg4 Rxg4 53. Rd4 f5 54. a4 Rg2+ 55. Ke1 Ke3 56. Kf1 Rc2 57. Rd5 f4 58. Re5 Rc1+ 59. Kg2 f3+ 60. Kg3 Rg1+ 61. Kh2 f2 62. Rxe4+ Kd2 63. Rd4+ Kxc3 64. Rf4 f1Q 65. Rxf1 Rxf1 66. Bb5 Rf8 67. Kg2 Kb4 68. Kg3 Ka3 69. Kg4 Rd8 70. Kf5 Rd4 71. Ke5 Rxa4 72. Kd5 Rb4 73. Bc4 a4 74. Kc5 Rb8 75. Bd5 Kb2 0-1

[Event "GER Cup Net V3 U2000"]
[Site "Playchess.com INT"]
[Date "2020.05.27"]
[Round "8"]
[White "Fock, Sana"]
[Black "Stumpf, Daniel"]
[Result "0-1"]
[WhiteElo "1675"]
[BlackElo "1743"]
[PlyCount "107"]
[EventDate "2020.05.27"]
[EventType "swiss (blitz)"]
[EventRounds "9"]
[EventCountry "GER"]
[SourceTitle "EXT 2021"]
[Source "ChessBase"]
[SourceDate "2020.10.23"]
[SourceVersion "1"]
[SourceVersionDate "2020.10.23"]
[SourceQuality "1"]

1. e4 c5 2. Nc3 e6 3. Nge2 Ne7 4. g3 d5 5. exd5 Nxd5 6. Bg2 Nc6 7. 0-0 Be7 8. d4 cxd4 9. Nxd4 Nxd4 10. Qxd4 Bf6 11. Qa4+ Bd7 12. Qb3 Nxc3 13. bxc3 0-0 14. Qxb7 Bxc3 15. Rb1 Rb8 16. Qf3 Rxb1 17. Qxc3 Bb5 18. Ba3 Rxf1+ 19. Bxf1 Qd1 20. h4 Bxf1 21. Bxf8 Be2+ 22. Kh2 Kxf8 23. Qc5+ Ke8 24. Qc6+ Qd7 25. Qa8+ Ke7 26. Qe4 Bb5 27. Qb4+ Ke8 28. c4 Bc6 29. Qb8+ Ke7 30. Qb4+ Qd6 31. Qa5 Qd7 32. Qb4+ Qd6 33. Qa5 Kf6 34. Qc3+ e5 35. c5 Qd5 36. f3 Qxf3 37. Qxf3+ Bxf3 38. Kg1 Bc6 39. Kf2 Ke6 40. Ke3 Kd5 41. g4 Kxc5 42. g5 Kd5 43. a3 Ke6 44. Kf2 Kf5 45. Kg3 e4 46. a4 Bxa4 47. Kh3 e3 48. Kg2 e2 49. Kf2 Bb5 50. Ke1 a5 51. Kf2 Kg4 52. g6 hxg6 53. h5 gxh5 54. Ke1 0-1